MARC details
| 000 -CABECERA |
| campo de control de longitud fija |
02374nam a2200325 a 4500 |
| 001 - NÚMERO DE CONTROL |
| campo de control |
000020769 |
| 003 - IDENTIFICADOR DEL NÚMERO DE CONTROL |
| campo de control |
OSt |
| 005 - FECHA Y HORA DE LA ÚLTIMA TRANSACCIÓN |
| campo de control |
20250621074006.0 |
| 008 - DATOS DE LONGITUD FIJA--INFORMACIÓN GENERAL |
| campo de control de longitud fija |
100817s2004 dr c 000 0 spa d |
| 020 ## - NÚMERO INTERNACIONAL ESTÁNDAR DEL LIBRO |
| Número Internacional Estándar del Libro |
9993423424 |
| 040 ## - FUENTE DE LA CATALOGACIÓN |
| Centro catalogador/agencia de origen |
DO-SdBNP |
| Lengua de catalogación |
spa |
| Centro/agencia transcriptor |
BNPHU |
| 049 ## - FONDOS LOCALES (OCLC) |
| Fondos de biblioteca |
BNPD |
| 082 ## - NÚMERO DE LA CLASIFICACIÓN DECIMAL DEWEY |
| Número de clasificación |
972.93053 |
| Número de documento/Ítem |
G861t, 2004 |
| 100 1# - ENTRADA PRINCIPAL--NOMBRE DE PERSONA |
| Nombre de persona |
Grimaldi, Víctor, |
| Fechas asociadas al nombre |
1949- |
| 9 (RLIN) |
1699 |
| 245 10 - MENCIÓN DE TÍTULO |
| Título |
Tumbaron al jefe : |
| Resto del título |
los Estados Unidos en derrocamiento de Trujillo / |
| Mención de responsabilidad, etc. |
Víctor Grimaldi ; prólogo José Chez Checo. |
| 250 ## - MENCIÓN DE EDICIÓN |
| Mención de edición |
4a ed. |
| 260 ## - PUBLICACIÓN, DISTRIBUCIÓN, ETC. |
| Lugar de publicación, distribución, etc. |
Santo Domingo : |
| Nombre del editor, distribuidor, etc. |
Amigo del hogar, |
| Fecha de publicación, distribución, etc. |
2004. |
| 300 ## - DESCRIPCIÓN FÍSICA |
| Extensión |
231 p. : |
| Otras características físicas |
retrs. ; |
| Dimensiones |
23 cm. |
| 504 ## - NOTA DE BIBLIOGRAFÍA, ETC. |
| Nota de bibliografía, etc. |
Incluye referencias bibliográficas y notas al pie de las páginas |
| 504 ## - NOTA DE BIBLIOGRAFÍA, ETC. |
| Nota de bibliografía, etc. |
Bibliografía : p. 227-231 |
| 505 2# - NOTA DE CONTENIDO CON FORMATO |
| Nota de contenido con formato |
Prólogo / José Chez Checo -- A manera de introducción / Tumbaron a Trujillo -- Quisieron perpetuar la iranía en 1959 -- Más mensajes secretos-- El mayor reto a la tiranía -- Otros documentos -- Un millón de dólares para el jefe -- Alianza con el jefe -- Viene el cambio -- Mientras tanto, ¿Qué pasó con Batista? -- Y en 1960 ofrecieron crear un fondo con dólares del jefe para que abandonara el poder por las buenas -- El turno de Trujillo -- Se involucra la CIA -- El Pentágono -- Los hechos de 1960 -- Un fondo para Trujillo -- La OEA, Fidel y Balaguer -- Cuando el Jefe rechazó el US$ fondo de Eisenhower, la CIA se metió en el complot -- La cuota azucarera cubana |
| 505 2# - NOTA DE CONTENIDO CON FORMATO |
| Nota de contenido con formato |
El 18 de agosto -- Balaguer presidente -- La URSS -- Sube Kennedy -- La CIA en acción -- Dicen que Balaguer lo sabía -- Octubre de 1960 -- 17 de Abril, Bahía de Cochinos -- Playa Girón -- Preocupados por De la Maza -- Temor a Ramfis -- 14 años antes a la eliminación de Trujillo, en 1947 los Estados Unidos abortaron la invasión de Cayo Confites -- Trujillo en 1947 -- Juan Bosch -- Fidel Castro -- dictadores, intervenciones y soberanía mediatizada -- Un estudio de Brookings Institution -- La OEA--Anexos. |
| 600 10 - PUNTO DE ACCESO ADICIONAL DE MATERIA--NOMBRE DE PERSONA |
| Nombre de persona |
Trujillo Molina, Rafael Leónidas, |
| Fechas asociadas al nombre |
1891-1961 |
| 9 (RLIN) |
76764 |
| 651 #0 - PUNTO DE ACCESO ADICIONAL DE MATERIA--NOMBRE GEOGRÁFICO |
| Nombre geográfico |
República Dominicana |
| Subdivisión general |
Política y gobierno |
| 9 (RLIN) |
45 |
| 651 #4 - PUNTO DE ACCESO ADICIONAL DE MATERIA--NOMBRE GEOGRÁFICO |
| Nombre geográfico |
República Dominicana |
| Subdivisión general |
Relaciones |
| Subdivisión geográfica |
Estados Unidos |
| 9 (RLIN) |
2530 |
| 651 #4 - PUNTO DE ACCESO ADICIONAL DE MATERIA--NOMBRE GEOGRÁFICO |
| Nombre geográfico |
República Dominicana |
| Subdivisión general |
Relaciones |
| Subdivisión geográfica |
Estados Unidos |
| 9 (RLIN) |
2530 |
| 700 1# - PUNTO DE ACCESO ADICIONAL--NOMBRE DE PERSONA |
| Nombre de persona |
Chez Checo, José, |
| Fechas asociadas al nombre |
1949- |
| Término indicativo de función/relación |
pról. |
| 9 (RLIN) |
10145 |
| 910 ## - DATOS DE OPCIÓN DEL USUARIO (OCLC) |
| Datos de opción del usuario |
Validado. Control de calidad MMOLINA |
| 942 ## - ELEMENTOS DE PUNTO DE ACCESO ADICIONAL (KOHA) |
| Fuente del sistema de clasificación o colocación |
Dewey Decimal Classification |
| Tipo de ítem Koha |
Libro |